[Event "4th Biella Open A 2013"]
[Site "Biella ITA"]
[Date "2013.09.27"]
[Round "1.8"]
[White "Migliorini,Matteo"]
[Black "Solomon,K"]
[Result "1/2-1/2"]
[WhiteElo "2046"]
[BlackElo "2371"]

1.e4 d6 2.d4 Nf6 3.Nc3 e5 4.Nf3 Nbd7 5.Bc4 Be7 6.O-O O-O 7.Be3 c6 8.a4 a5
9.Re1 Ng4 10.Ne2 exd4 11.Bxd4 Nde5 12.Nd2 Nxc4 13.Nxc4 Be6 14.Nf4 Bxc4 15.Qxg4 f6
16.b3 Bf7 17.Nh5 Bxh5 18.Qxh5 Qd7 19.Rad1 Qe6 20.Rd3 g6 21.Qd1 Rfe8 22.c4 Bf8
23.f3 Qf7 24.Bc3 Re6 25.Qd2 b6 26.Bd4 Qb7 27.Qf2 Rb8 28.Be3 f5 29.exf5 gxf5
30.Bf4 Rbe8 31.Rde3 Qf7 32.Rxe6 Rxe6 33.Rxe6 Qxe6 34.Qe3 Kf7 35.Qxe6+ Kxe6
36.Be3 c5 37.Kf2 d5 38.cxd5+ Kxd5 39.Ke2 Bd6 40.g3 Kc6 41.Kd3 b5 42.Bd2 Bc7
43.Be1 bxa4 44.bxa4 Kd5 45.g4 c4+ 46.Kc2 fxg4 47.fxg4 Bxh2 48.Bxa5 Bg1 49.Bd2 Bd4
50.Bc3 Bc5 51.Bd2 Bd4 52.Bc3  1/2-1/2

[Event "Vasteras Open 2013"]
[Site "Vasteras SWE"]
[Date "2013.09.27"]
[Round "2.4"]
[White "Solodovnichenko,Y"]
[Black "Jakenberg,Jussi"]
[Result "1-0"]
[WhiteElo "2577"]
[BlackElo "2065"]

1.e4 d6 2.d4 Nf6 3.Nc3 e5 4.Nf3 Nbd7 5.Bc4 Be7 6.O-O O-O 7.a4 c6 8.Re1 h6
9.h3 Re8 10.Be3 Qc7 11.Qd2 Bf8 12.Ba2 a5 13.Rad1 exd4 14.Bxd4 Ne5 15.Nh4 Be6
16.Bxe6 Rxe6 17.Nf5 Kh7 18.Ne3 Rae8 19.f3 g6 20.Ne2 d5 21.Nc3 dxe4 22.f4 Ned7
23.f5 R6e7 24.Rf1 Bg7 25.Qe2 Ne5 26.Nc4 Nxc4 27.Qxc4 g5 28.Rfe1 e3 29.Bc5 Rd7
30.Rxe3 Rxe3 31.Bxe3 Rxd1+ 32.Nxd1 Nd5 33.Qe4 Qe5 34.Qxe5 Bxe5 35.Bd2 b6
36.Kf2 Kg7 37.Kf3 Kf6 38.Ke4 Ke7 39.Kxe5  1-0

[Event "4th Biella Open A 2013"]
[Site "Biella ITA"]
[Date "2013.09.28"]
[Round "2.11"]
[White "Bargeri,Ludovico"]
[Black "Molina,Fa"]
[Result "1-0"]
[WhiteElo "2066"]
[BlackElo "2246"]

1.d4 d6 2.e4 Nf6 3.Nc3 Nbd7 4.Nf3 e5 5.Bc4 Be7 6.O-O O-O 7.Re1 c6 8.a4 b6
9.h3 a6 10.Bg5 Rb8 11.dxe5 dxe5 12.Nh4 b5 13.axb5 axb5 14.Ba2 Ne8 15.Bxe7 Qxe7
16.Nf5 Qf6 17.Qe2 Nc5 18.Ng3 Nc7 19.Qe3 N5e6 20.Bxe6 Nxe6 21.Nce2 g6 22.Qh6 Rd8
23.Red1 Qg7 24.Rxd8+ Nxd8 25.Qe3 Qf8 26.Nf5 Be6 27.Nh6+ Kh8 28.Ra7 Nb7 29.Qg3 f6
30.Ng4 Bc4 31.Qf3 Bxe2 32.Qxe2 Qc5 33.Ra3 Qe7 34.Qf3 Kg7 35.Qe3 Nd8 36.Qh6+ Kg8
37.Rf3 Nf7 38.Qh4 Rb7 39.Nxf6+  1-0

[Event "4th Biella Open A 2013"]
[Site "Biella ITA"]
[Date "2013.09.28"]
[Round "3.3"]
[White "Antoli Royo,J"]
[Black "Kalnins,K"]
[Result "0-1"]
[WhiteElo "2407"]
[BlackElo "2273"]

1.e4 d6 2.d4 Nf6 3.Nc3 e5 4.Nf3 Nbd7 5.Bc4 Be7 6.a4 O-O 7.O-O c6 8.a5 Qc7
9.Qe2 h6 10.h3 Rb8 11.Rd1 b5 12.axb6 axb6 13.b4 exd4 14.Nxd4 d5 15.exd5 Bxb4
16.Na2 cxd5 17.Nxb4 Qxc4 18.Qxc4 dxc4 19.Ndc6 Rb7 20.Ne7+ Kh7 21.Ra8 Nb8
22.Nxc8 Rxc8 23.Bf4 Re8 24.Rda1 Nbd7 25.Nc6 Rxa8 26.Rxa8 Nc5 27.Rc8 Ne6 28.Be5 Nd7
29.Bd6 b5 30.f4 Nb6 31.Rb8 Rxb8 32.Bxb8 Nd5 33.f5 Nc5 34.Kf2 b4 35.Ke2 b3
36.cxb3 cxb3 37.Kd2 Ne3 38.Kc3 Nd1+ 39.Kd2 b2 40.Kc2 Nd3 41.Be5 Ne3+ 42.Kb1 Nc4
43.Bxb2 Ndxb2 44.Kc2 Na4 45.Kd3 Nd6 46.g4 h5 47.Ke3 f6 48.Kf4 Nf7 49.Kg3 Nc5
50.Kh4 hxg4 51.hxg4 Ne4 52.Nd4 Kh6 53.Ne6 Ne5 54.Nc7 Nf2  0-1

[Event "4th Biella Open A 2013"]
[Site "Biella ITA"]
[Date "2013.09.28"]
[Round "3.6"]
[White "Motola,Jacopo"]
[Black "Solomon,K"]
[Result "0-1"]
[WhiteElo "2033"]
[BlackElo "2371"]

1.e4 d6 2.d4 Nf6 3.Nc3 e5 4.Nf3 Nbd7 5.g4 Nxg4 6.Rg1 h5 7.h3 Nh6 8.dxe5 dxe5
9.Bc4 g6 10.Ng5 Bc5 11.Qf3 Qf6 12.Qxf6 Nxf6 13.Nb5 Bb6 14.Be3 Ba5+ 15.b4 Bxb4+
16.c3 Ba5 17.O-O-O a6 18.Na7 Bd7 19.Nxf7 Nxf7 20.Rxg6 Nxe4 21.Rxd7 Kxd7 22.Bxf7 Bb6
23.Be6+ Ke7 24.Bxb6 cxb6 25.Nc8+ Raxc8 26.Bxc8 Rxc8 27.Rxb6 Nd6  0-1

[Event "Grand Open Blagoevgrad 2013"]
[Site "Blagoevgrad BUL"]
[Date "2013.09.28"]
[Round "1.29"]
[White "Dyulgerov,Volen"]
[Black "Orev,P"]
[Result "0-1"]
[WhiteElo "1648"]
[BlackElo "2150"]

1.e4 Nf6 2.Nc3 d6 3.d4 c6 4.Be2 b5 5.a3 Nbd7 6.Nf3 e5 7.O-O Be7 8.Re1 O-O
9.d5 cxd5 10.Nxd5 a6 11.a4 Nxd5 12.exd5 b4 13.c3 bxc3 14.bxc3 Rb8 15.Ba3 Qc7
16.Qd2 Nc5 17.Bxc5 Qxc5 18.Reb1 Rxb1+ 19.Rxb1 Bd8 20.c4 Bf5 21.Rb2 Ba5 22.Qe3 Bb4
23.Qxc5 Bxc5 24.Nd2 a5 25.g4 Bd7 26.Ne4 Bb4 27.Ra2 f6 28.f3 Kf7 29.Kg2 Ke7
30.Bd3 g6 31.h4 f5 32.Nf2 h5 33.gxh5 gxh5 34.Nh3 Be1 35.Nf2 Rb8 36.Ra1 Bc3
37.Rb1 Rg8+ 38.Kf1 Bb4 39.Bc2 Rg3 40.Ke2 Rg2 41.Rf1 Bc5 42.Ke1 Rh2 43.Bb3 Rxh4
44.Rg1 Kf7  0-1

[Event "Lichtenrader Herbst 2013"]
[Site "Berlin GER"]
[Date "2013.09.29"]
[Round "2.6"]
[White "Lagunow,Raphael"]
[Black "Stern,R"]
[Result "1-0"]
[WhiteElo "1969"]
[BlackElo "2509"]

1.e4 d6 2.d4 Nf6 3.Nc3 e5 4.dxe5 dxe5 5.Qxd8+ Kxd8 6.Bc4 Bb4 7.f3 Be6 8.Bxe6 Bxc3+
9.bxc3 fxe6 10.Nh3 c5 11.Nf2 Nc6 12.Be3 b6 13.Ke2 Ke7 14.Nd3 h6 15.Rab1 Rac8
16.Rhd1 Rhd8 17.Nb2 Na5 18.Rxd8 Rxd8 19.Rd1 Rc8 20.Bf2 Nh5 21.Be3 Rf8 22.g3 Nf6
23.Nd3 Nc4 24.Bf2 Nd7 25.g4 Nd6 26.Bh4+ g5 27.Bg3 Nf7 28.h4 Re8 29.c4 Kf6
30.hxg5+ hxg5 31.Rh1 Nf8 32.Rh5 Ng6 33.Rh1 Rd8 34.c3 Rh8 35.Rxh8 Nfxh8 36.Kd2 Nf7
37.Nb2 Ke7 38.Kd3 Kd6 39.Bf2 Kc6 40.a4 Nf4+ 41.Kd2 Nh8 42.a5 Nhg6 43.axb6 axb6
44.Bg3 Nh8 45.Bf2 Nf7 46.Be3 Nd6 47.Kc2 Ng2 48.Kd2 Nh4 49.Ke2 Nf7 50.Bd2 Ng6
51.Be3 Kb7 52.Kd2 Ka6 53.Ke2 Ka5 54.Kd2 Nf4 55.Bf2 Nh8 56.Be3 Nhg6 57.Bf2 Nh4
58.Ke3 b5 59.cxb5 Kxb5 60.Bg3 c4 61.Bf2 Nh3 62.Bg3 Nf4 63.Bf2 Nhg6 64.Bg3 Ne7
65.Kd2 Nc6 66.Bf2 Na5 67.Bg3 Nb3+ 68.Ke3 Nc5 69.Kd2 Ng6 70.Ke2 Na4 71.Nd1 Nf4+
72.Bxf4 exf4 73.Kd2 Nc5 74.Nf2 Ka4 75.Nh3 Kb3 76.Nxg5 Kb2 77.e5 Nb3+ 78.Kd1 Nc5
79.Kd2 Nb3+ 80.Kd1 Kxc3 81.Nxe6 Na5 82.Nxf4 Kd4 83.e6 Nc6 84.Ng6  1-0

[Event "4th Biella Open A 2013"]
[Site "Biella ITA"]
[Date "2013.09.29"]
[Round "4.9"]
[White "Migliorini,Matteo"]
[Black "Pulito,A"]
[Result "0-1"]
[WhiteElo "2046"]
[BlackElo "2285"]

1.e4 d6 2.d4 Nf6 3.Nc3 e5 4.Nf3 Nbd7 5.Bc4 Be7 6.O-O O-O 7.Re1 c6 8.a4 b6
9.Bg5 Qc7 10.d5 Bb7 11.Bxf6 Nxf6 12.dxc6 Bxc6 13.Bb3 a6 14.Re2 Qb7 15.Nd5 Nxd5
16.Bxd5 Bxd5 17.Qxd5 Qxd5 18.exd5 Rac8 19.Rc1 Rc4 20.b3 Rc3 21.Re3 Rfc8 22.Rxc3 Rxc3
23.Nd2 Rc5 24.c4 Bg5 25.Rc2 Bxd2 26.Rxd2 f5 27.Rc2 a5 28.h4 Kf7 29.g3 Kf6
30.Re2 Rc7 31.Kg2 e4 32.g4 Re7 33.g5+ Ke5 34.f3 Kd4 35.f4 Kd3 36.Kf2 e3+
37.Kf3 g6  0-1

[Event "23rd EYCC Girls U18 2013"]
[Site "Budva MNE"]
[Date "2013.09.29"]
[Round "1.14"]
[White "Koselova,Zuzana"]
[Black "Imnadze,N"]
[Result "0-1"]
[WhiteElo "1833"]
[BlackElo "2066"]

1.e4 d6 2.d4 Nf6 3.Nc3 e5 4.dxe5 dxe5 5.Qxd8+ Kxd8 6.Bc4 Ke8 7.Nf3 Bd6 8.Bg5 Nbd7
9.O-O-O a6 10.Rhe1 h6 11.Bd2 b5 12.Bb3 Bb7 13.Nh4 g6 14.Nd5 Kf8 15.Ba5 Bxd5
16.Bxd5 Nxd5 17.Rxd5 Nf6 18.Rd3 Ke7 19.f4 Rhd8 20.Nf3 Nd7 21.Red1 exf4 22.Re1 Ne5
23.Nxe5 Bxe5 24.Rh3 h5 25.Bc3 f6 26.Bxe5 fxe5 27.Rc3 Rac8 28.Rc6 Rd6 29.Rc5 Ke6
30.Rd1 c6 31.b4 g5 32.Rd3 g4 33.Kd2 h4 34.Ke2 Rh8 35.Ra3 f3+ 36.Kf1 Rd1+
37.Kf2 Rd2+ 38.Kg1 Rxg2+ 39.Kf1 Rd8 40.Rxc6+ Kf7 41.Rd3 Rxd3  0-1

[Event "23rd EYCC Open U18 2013"]
[Site "Budva MNE"]
[Date "2013.09.29"]
[Round "1.33"]
[White "Osmanodja,F"]
[Black "Lucovnik,Tilen"]
[Result "1-0"]
[WhiteElo "2275"]
[BlackElo "1939"]

1.e4 d6 2.d4 Nf6 3.Nc3 e5 4.Nf3 Nbd7 5.Bc4 Be7 6.O-O O-O 7.Re1 c6 8.a4 a5
9.b3 exd4 10.Nxd4 Nc5 11.Bb2 Ng4 12.Qd2 Bh4 13.g3 Bf6 14.Bf1 Ne5 15.Bg2 Ng6
16.Kh1 Qb6 17.Nd1 Rd8 18.Ne3 Qc7 19.Rad1 Ne6 20.Bc3 Nc5 21.Ndf5 Bxc3 22.Qxc3 f6
23.Nxd6 Rxd6 24.Qxc5 Rxd1 25.Rxd1 Be6 26.Rd6 Bf7 27.Qd4 Nf8 28.Qd3 Re8 29.Nf5 Re6
30.Bh3 Re5 31.f4 Re8 32.Bg2 Be6 33.Ne3 Bd5 34.Nc4 b5 35.axb5 Bxe4 36.Bxe4 cxb5
37.Nd2  1-0

[Event "23rd EYCC Open U16 2013"]
[Site "Budva MNE"]
[Date "2013.09.29"]
[Round "1.29"]
[White "Sibashvili,G"]
[Black "Drobnic,Milan"]
[Result "1-0"]
[WhiteElo "2180"]
[BlackElo "1843"]

1.e4 d6 2.d4 Nf6 3.Nc3 Nbd7 4.Nf3 e5 5.g4 Nxg4 6.Rg1 Ngf6 7.Bc4 h6 8.Be3 c6
9.Qd3 b5 10.Bxf7+ Kxf7 11.dxe5 dxe5 12.Nxe5+ Ke8 13.Nxc6 Qc7 14.Qxb5 Qxh2
15.O-O-O g5 16.e5 Bg7 17.exf6 Bxf6 18.Ne4 Be7 19.Nxe7 Kxe7 20.Bxg5+  1-0

[Event "TCh-NOR Club 2013"]
[Site "Fagernes NOR"]
[Date "2013.09.29"]
[Round "6.3"]
[White "Stubberud,O"]
[Black "Byklum,B"]
[Result "1-0"]
[WhiteElo "2327"]
[BlackElo "2309"]

1.e4 d6 2.d4 Nf6 3.Nc3 Nbd7 4.f3 e5 5.Be3 c6 6.Qd2 Be7 7.Nge2 b5 8.a3 Bb7
9.Ng3 g6 10.Be2 a5 11.O-O h5 12.Rae1 h4 13.Nh1 Kf8 14.Nf2 Kg7 15.Bd3 Qc7
16.Ncd1 Rae8 17.c3 Nh5 18.Nh3 Ndf6 19.Ndf2 Bc8 20.Rc1 Qb8 21.c4 b4 22.axb4 axb4
23.dxe5 dxe5 24.c5 Rd8 25.Rc4 Qa7 26.Rfc1 Nf4 27.Nxf4 exf4 28.Bd4 Rxd4 29.Rxd4 Bxc5
30.Rxc5 Qxc5 31.Qxb4 Qg5 32.Qd2 h3 33.Bf1 hxg2 34.Bxg2 Be6 35.Nd3 Bh3 36.Nxf4 Qc5
37.b4 Qa7 38.Bxh3 g5 39.Ne2 Kg6 40.Bf5+ Kh6 41.h4  1-0

[Event "Oslo Int Open 2013"]
[Site "Oslo NOR"]
[Date "2013.09.29"]
[Round "5"]
[White "Haugli,P"]
[Black "Mirzoeva,E"]
[Result "1-0"]
[WhiteElo "2293"]
[BlackElo "2215"]

1.e4 d6 2.d4 Nf6 3.Nc3 e5 4.Nf3 Nbd7 5.Bc4 Be7 6.O-O O-O 7.Re1 c6 8.a4 a5
9.h3 h6 10.Be3 Re8 11.Qb1 exd4 12.Bxd4 Nf8 13.Qa2 Be6 14.Rad1 N6d7 15.Be3 Qc7
16.Nd4 Bf6 17.Nxe6 fxe6 18.Bf4 Be5 19.Bxe5 Nxe5 20.Bb3 Kh8 21.Ne2 d5 22.Qa3 Nfd7
23.Ba2 Nf6 24.Ng3 Rf8 25.Qe3 Rae8 26.Rd2 Qf7 27.Rf1 Qg6 28.f4 Ned7 29.e5 Ng8
30.c3 Ne7 31.Bb1 Qf7 32.Qa7 Rb8 33.Qxa5 h5 34.Rdf2 h4 35.Ne2 b6 36.Qb4 Nf5
37.Bxf5 exf5 38.Rf3 Nc5 39.Rd1 Ne4 40.Qd4 Qe6 41.Qd3 Ra8 42.b3 Qe7 43.Nd4 Rac8
44.Rff1 g6 45.Qe3 Qc5 46.Rc1 Rf7 47.Rfe1 Qa3 48.Rb1 Qc5 49.Rec1 Rg8 50.b4 Qc4
51.Nf3 g5 52.Nxg5 Nxg5 53.fxg5 f4 54.Qd4 Rxg5 55.Qxc4 dxc4 56.Re1 Re7 57.Re4 Rexe5
58.Rxf4 Re2 59.Rxh4+ Kg7 60.Rg4 Rxg4 61.hxg4 Ra2 62.a5 bxa5 63.bxa5 Rxa5
64.Rb4 Rc5 65.Kf2 Kf6 66.Ke3 Re5+ 67.Kf4 Rc5 68.Ra4 Kg6 69.g3 Kf6 70.Ra6 Kg6
71.Rb6 Kf6 72.g5+ Kg6 73.g4 Kf7 74.Rb7+ Kg6 75.Rc7 Rd5 76.Rxc6+ Kf7 77.Rxc4 Rd1
78.Rc7+ Kg6 79.Rc6+ Kf7 80.g6+ Kg7 81.Ke5 Re1+ 82.Kf5 Rf1+ 83.Kg5 Rd1 84.Rc7+  1-0

[Event "Oslo Int Open 2013"]
[Site "Oslo NOR"]
[Date "2013.09.29"]
[Round "7"]
[White "Mikalsen,E"]
[Black "Mirzoeva,E"]
[Result "1/2-1/2"]
[WhiteElo "2145"]
[BlackElo "2215"]

1.e4 d6 2.d4 Nf6 3.Nc3 e5 4.Nf3 Nbd7 5.Bc4 Be7 6.O-O O-O 7.Re1 c6 8.a4 a5
9.b3 Nb6 10.Bf1 exd4 11.Nxd4 d5 12.e5 Ne8 13.Bd3 g6 14.f4 Ng7 15.Kh1 f6 16.Bb2 fxe5
17.fxe5 Nd7 18.Qe2 Nc5 19.Rf1 Nge6 20.Qe3 Nxd4 21.Qxd4 Ne6 22.Qg4 Nf4 23.Qg3 Bh4
24.Qf3 Nxd3 25.Qxd3 Bf5 26.Qd4 Be7 27.Ne2 c5 28.Qc3 Ra6 29.Rad1 d4 30.Qc4+ Be6
31.Qb5 Bg4 32.h3 Rxf1+ 33.Rxf1 Bxe2 34.Qxe2 Qd5 35.Qb5 Ra8 36.Bc1 Rd8 37.Qxa5 Qxe5
38.Bh6 Qd6 39.Bf4 Qd7 40.Qd2 Rf8 41.Re1 Bh4 42.Re4 Qd5 43.Qd3 Bf6 44.Bh6 Bg7
45.Bxg7 Kxg7 46.Re7+ Rf7 47.Qe2 b6 48.Kg1 Kf6 49.Re8 Kg7 50.Re5 Qd6 51.Qe4 Kf6
52.Qf4+ Kg7 53.Qe4 Kf6 54.Re8 Kg7 55.Re6 Qc7 56.Rc6 Qe7 57.Qxe7 Rxe7 58.a5 bxa5
59.Rxc5 Re2 60.g4 Rd2 61.g5 d3 62.cxd3 Rxd3 63.Kg2 Rxb3 64.Rxa5 Rb2+ 65.Kg3 Rb3+
66.Kg4 Rb4+ 67.Kg3 Rb3+ 68.Kg4 Rb4+  1/2-1/2

[Event "Grand Open Blagoevgrad 2013"]
[Site "Blagoevgrad BUL"]
[Date "2013.09.30"]
[Round "4.13"]
[White "Janev,P"]
[Black "Kesidis,O"]
[Result "0-1"]
[WhiteElo "2222"]
[BlackElo "2119"]

1.e4 d6 2.d4 Nf6 3.Nc3 Nbd7 4.Nf3 e5 5.Bc4 Be7 6.O-O O-O 7.a4 c6 8.Qe2 b6
9.Ba6 Re8 10.Re1 Qc7 11.Bg5 Bxa6 12.Qxa6 exd4 13.Nxd4 Nc5 14.Qc4 Ng4 15.Bf4 Bf6
16.b4 Ne6 17.Nxe6 Rxe6 18.Nd5 Qd8 19.Nxf6+ Qxf6 20.Qxc6 Rae8 21.Bg3 h5 22.h3 d5
23.Qxd5 Rxe4 24.Qd2 Qd4 25.Bf4 Re2  0-1

[Event "23rd EYCC Open U18 2013"]
[Site "Budva MNE"]
[Date "2013.09.30"]
[Round "2.22"]
[White "Monjac,M"]
[Black "Draskovic,L"]
[Result "1/2-1/2"]
[WhiteElo "2147"]
[BlackElo "2304"]

1.e4 d6 2.d4 Nf6 3.Nc3 e5 4.Nf3 Nbd7 5.g4 Nxg4 6.Rg1 Ngf6 7.Be3 c6 8.Qd2 g6
9.O-O-O Qe7 10.dxe5 dxe5 11.Bh6 Bxh6 12.Qxh6  1/2-1/2

[Event "23rd EYCC Open U18 2013"]
[Site "Budva MNE"]
[Date "2013.09.30"]
[Round "2.32"]
[White "Lenier,J"]
[Black "Tomic,Aleksandar"]
[Result "0-1"]
[WhiteElo "2121"]
[BlackElo "2014"]

1.e4 d6 2.d4 Nf6 3.Nc3 e5 4.Nf3 Nbd7 5.Bc4 Be7 6.h3 O-O 7.Be3 c6 8.d5 Qa5
9.Bd2 Qc7 10.a4 Nc5 11.Qe2 a5 12.g4 g6 13.Ng5 Bd7 14.f4 exf4 15.Bxf4 Rae8
16.O-O-O cxd5 17.Bxd5 Nxa4 18.Nxa4 Bxa4 19.Bxf7+ Rxf7 20.Nxf7 Kxf7 21.Rhf1 Kg8
22.Rd2 Qc6 23.Re1 Bf8 24.Rd4 d5 25.e5 Bc5 26.Rdd1 Ne4 27.Qd3 Bf2 28.Rh1 Bb5
29.Rh2 d4  0-1

[Event "Lichtenrader Herbst 2013"]
[Site "Berlin GER"]
[Date "2013.10.01"]
[Round "4.3"]
[White "Schou Moldt,T"]
[Black "Collins,S IRL"]
[Result "0-1"]
[WhiteElo "2221"]
[BlackElo "2475"]

1.e4 d6 2.d4 Nf6 3.Nc3 e5 4.Nf3 Nbd7 5.Bc4 Be7 6.O-O O-O 7.Re1 c6 8.a4 h6
9.Ba2 Re8 10.b4 Qc7 11.Rb1 Nf8 12.Qd3 Be6 13.Bxe6 Nxe6 14.Ne2 a5 15.b5 exd4
16.Nexd4 Nc5 17.Qc4 Nfxe4 18.Bb2 d5 19.Qa2 Bf6 20.Red1 Nd6 21.Ba3 Nce4 22.Rd3 Rad8
23.Rf1 c5 24.Ne2 d4 25.Bb2 Nf5 26.Ng3 Nexg3 27.hxg3 Re2 28.Rd2 Rde8 29.Qc4 R2e4
30.Qd5 g6 31.Ba3 b6 32.Rdd1 Qd8 33.Qb3 h5 34.c3 h4 35.cxd4 Bxd4 36.gxh4 Nxh4
37.Nd2 Qg5 38.g3 Re3  0-1

[Event "Grand Open Blagoevgrad 2013"]
[Site "Blagoevgrad BUL"]
[Date "2013.10.01"]
[Round "6.11"]
[White "Stoinev,M"]
[Black "Lagopatis,N"]
[Result "0-1"]
[WhiteElo "2221"]
[BlackElo "2161"]

1.e4 d6 2.d4 Nf6 3.Nc3 c6 4.f3 e5 5.dxe5 dxe5 6.Qxd8+ Kxd8 7.Bc4 Ke8 8.Bg5 Nbd7
9.O-O-O Be7 10.Nge2 b5 11.Bb3 Nc5 12.Ng3 a5 13.a4 b4 14.Nb1 Nxb3+ 15.cxb3 Be6
16.Kc2 Nd7 17.Be3 g6 18.Nd2 Bc5 19.Ngf1 Rd8 20.Bh6 Rg8 21.h4 f6 22.Be3 Bd4
23.Bxd4 exd4 24.Kb1 c5 25.Rc1 Rc8 26.Nc4 Bxc4 27.Rxc4 Ke7 28.Nd2 Kd6 29.Rcc1 Nb6
30.Nc4+ Nxc4 31.Rxc4 f5 32.Re1 Rge8 33.Kc2 fxe4 34.fxe4 Re5 35.Kd3 Rf8 36.Rc2 Rf4
37.Rce2 h5 38.Rh1 Ke6 39.Rh3 g5 40.hxg5 Rxg5 41.Kc4 h4 42.Rd3 Kd6 43.e5+ Rxe5
44.Rxe5 Kxe5 45.Kxc5 Rf8 46.Rh3 Rh8 47.Rh1 d3 48.Kc4 Rd8  0-1

[Event "Grand Open Blagoevgrad 2013"]
[Site "Blagoevgrad BUL"]
[Date "2013.10.01"]
[Round "6.24"]
[White "Metodiev,Veselin"]
[Black "Kesidis,O"]
[Result "1/2-1/2"]
[WhiteElo "1851"]
[BlackElo "2119"]

1.e4 d6 2.d4 Nf6 3.Nc3 Nbd7 4.f4 e5 5.Nf3 exd4 6.Nxd4 Nc5 7.Bd3 Bg4 8.Nf3 g6
9.h3 Bxf3 10.Qxf3 Bg7 11.Be3 O-O 12.O-O Nfd7 13.Rab1 Re8 14.Ne2 c6 15.Ng3 h5
16.b4 Ne6 17.Qf2 Nc7 18.f5 Ne5 19.f6 Bh8 20.Nxh5 Re6 21.Ng7 Bxg7 22.fxg7 Kxg7
23.Qf4 Rf6 24.Qh6+ Kg8 25.Bg5 Rxf1+ 26.Rxf1 Qf8 27.Qh4 Ne8 28.Bh6 Ng7 29.Qf6 Re8
30.Bxg7 Qxg7 31.Qxd6 Qh6 32.Qd4 Qd2 33.Rf2 Qd1+ 34.Kh2 b6 35.Rf1 Qd2 36.Rf2  1/2-1/2

[Event "23rd EYCC Open U18 2013"]
[Site "Budva MNE"]
[Date "2013.10.01"]
[Round "3.13"]
[White "Duff,R"]
[Black "Drozdowski,K"]
[Result "1/2-1/2"]
[WhiteElo "2171"]
[BlackElo "2449"]

1.e4 d6 2.d4 Nf6 3.Nc3 c6 4.f4 Qa5 5.Bd3 e5 6.Nf3 Bg4 7.Be3 Nbd7 8.O-O Be7
9.h3 Bh5 10.Ne2 Bxf3 11.Rxf3 O-O 12.c3 Rfe8 13.Ng3 Bf8 14.Qc2 Rac8 15.b4 Qd8
16.Raf1 exd4 17.cxd4 h6 18.Qb3 Nb6 19.Rc1 Nfd7 20.a4 d5 21.e5 Nc4 22.Rxc4 dxc4
23.Bxc4 Re7 24.Nf5 Nb6 25.Nxe7+ Qxe7 26.Bd2 Rd8 27.Bc3 Nxc4 28.Qxc4 Rd5 29.b5 Qd7
30.bxc6 bxc6 31.Rf1 c5 32.dxc5 Rxc5 33.Qb3 Qd3 34.Rf3 Qe4 35.e6 fxe6 36.Be5 Rc1+
37.Kh2 Qc4 38.a5 Qxb3 39.Rxb3 Rc5 40.Rb8 Rxa5 41.Bd6 Rf5 42.Ra8 Rf7 43.g3 a5
44.Kg2 g6 45.Bxf8 Rxf8 46.Rxa5 Rf5 47.Ra7 e5 48.fxe5 Rxe5 49.Kf3  1/2-1/2

[Event "23rd EYCC Open U18 2013"]
[Site "Budva MNE"]
[Date "2013.10.01"]
[Round "3.22"]
[White "Petrusic,T"]
[Black "Tomic,Aleksandar"]
[Result "1/2-1/2"]
[WhiteElo "2289"]
[BlackElo "2014"]

1.d4 Nf6 2.Nc3 d6 3.e4 e5 4.dxe5 dxe5 5.Qxd8+ Kxd8 6.Bg5 Bd6 7.O-O-O Nd7
8.Bc4 Ke7 9.f3 c6 10.a4 h6 11.Bh4 g5 12.Bg3 Nc5 13.Nge2 Be6 14.Bxe6 fxe6
15.Bf2 Ncd7 16.Nb1 Rhf8 17.Rhf1 Nh5 18.Nd2 Nf4 19.Nxf4 exf4 20.Nb3 b6 21.Rd2 Ne5
22.Rfd1 Rfd8 23.Bd4 Nc4 24.Re2 Be5 25.Bxe5 Rxd1+ 26.Kxd1 Nxe5 27.Nd2 Rd8
28.Ke1 c5 29.g3 Rd4 30.b3 c4 31.gxf4 gxf4 32.bxc4 Nxc4 33.Nb3 Rd7 34.Nc1 Ne5
35.Kf2 a5 36.Nd3 Nxd3+ 37.cxd3 Rxd3 38.Rb2 Rd4 39.Rxb6 Rxa4 40.Kg2 Ra3 41.Ra6 Kf6
42.Kh3 h5 43.Kh4 Rxf3 44.Rxa5 Rf2 45.Kxh5 Re2 46.Kh4 f3 47.Kh3 Re1 48.Ra3 f2
49.Rf3+ Ke5 50.Rxf2 Kxe4 51.Kh4 Ke3 52.Rf8 e5 53.Kh5 e4 54.h4 Kd4 55.Kh6 e3
56.Rd8+ Ke5 57.h5  1/2-1/2

[Event "23rd EYCC Open U18 2013"]
[Site "Budva MNE"]
[Date "2013.10.01"]
[Round "3.12"]
[White "Osmanodja,F"]
[Black "Kraus,To"]
[Result "0-1"]
[WhiteElo "2275"]
[BlackElo "2370"]

1.e4 d6 2.d4 Nf6 3.Nc3 e5 4.Nf3 Nbd7 5.Bc4 Be7 6.O-O O-O 7.Re1 a6 8.a4 b6
9.b3 c6 10.Bb2 Bb7 11.Bd3 Re8 12.Ne2 Bf8 13.Ng3 g6 14.c3 Qc7 15.b4 Bg7 16.Qb3 Rac8
17.dxe5 dxe5 18.Bc4 Nf8 19.Ba3 Ne6 20.Rad1 Bf8 21.h4 h5 22.Rd2 Bh6 23.Rdd1 Ng4
24.Qc2 b5 25.Bxe6 Rxe6 26.c4 Ree8 27.c5 a5 28.bxa5 bxa4 29.Qxa4 Ba6 30.Bb4 Bf8
31.Rd2 Rb8 32.Ba3 Rb5 33.Red1 Rxa5 34.Qb3 Rb5 35.Qa2 Bc8 36.Ng5 Nh6 37.Qc4 Kg7
38.Rb2 Rxb2 39.Bxb2 f6 40.Nf3 Be6 41.Qc3 Rb8 42.Nxe5 Rxb2 43.Nxg6 Kxg6 44.Qxb2 Bxc5
45.Qc2 Qe5 46.Rc1 Bd4 47.Ne2 Ba7 48.Qa4 Qb8 49.Qxc6 Bg4  0-1

[Event "23rd EYCC Open U16 2013"]
[Site "Budva MNE"]
[Date "2013.10.01"]
[Round "3.6"]
[White "Tomici,S"]
[Black "Sanal,V"]
[Result "0-1"]
[WhiteElo "2213"]
[BlackElo "2419"]

1.e4 d6 2.d4 Nf6 3.Nc3 e5 4.dxe5 dxe5 5.Qxd8+ Kxd8 6.Bc4 Ke8 7.Nf3 Bd6 8.Bg5 Nbd7
9.O-O-O a6 10.a4 h6 11.Bh4 Nb6 12.Bxf6 gxf6 13.Bd5 Bb4 14.Rd3 Rg8 15.g3 c6
16.Bb3 Be6 17.Rhd1 Bg4 18.h3 Bxh3 19.Rh1 Be6 20.Rxh6 Nd7 21.Bxe6 fxe6 22.Nd2 b5
23.Rh7 Be7 24.Nb3 Rc8 25.Rd1 b4 26.Nb1 c5 27.Na5 c4 28.Nb7 Rc6 29.c3 f5 30.Na5 Rc7
31.Nd2 bxc3 32.bxc3 Nf6 33.Rh6 Kf7 34.exf5 exf5 35.Naxc4 Rc5 36.Kc2 Rgc8
37.Kb3 e4 38.f4 Ng4 39.Rh7+ Ke6 40.Re1 Bf6 41.Ra7 R5c6 42.Rb7 Rd8 43.Kc2 Rd3
44.Rb3 Rxg3 45.Nf1 Rg2+ 46.Ncd2 Rd6 47.c4 Bh4 48.Rd1 Bf2 49.c5 Bxc5 50.Re1 Kf6
51.Kc1 Nf2 52.Kb1 Nd3 53.Rxe4 fxe4 54.Nxe4+ Ke6 55.f5+ Kd7 56.Rxd3 Rxd3 57.Nxc5+ Kd6
58.Nxd3 Rg1 59.Nb4 Rxf1+ 60.Kb2 a5 61.Nc2 Rxf5 62.Ne3 Rf4 63.Kc3 Kc5 64.Nc2 Rxa4
65.Kb3 Rh4 66.Na3 a4+ 67.Kc3 Rh3+ 68.Kb2 Rb3+ 69.Ka2 Kd4 70.Nc2+ Kd3 71.Na3 Kc3
72.Nb1+ Kb4 73.Ka1 Rd3 74.Kb2 a3+ 75.Ka2 Ka4  0-1

[Event "Tatry Open 2013"]
[Site "Tatranske Zruby SVK"]
[Date "2013.10.01"]
[Round "4.5"]
[White "Jarmula,L"]
[Black "Mrva,Mart"]
[Result "1/2-1/2"]
[WhiteElo "2226"]
[BlackElo "2427"]

1.e4 d6 2.d4 Nf6 3.Nc3 c6 4.a4 e5 5.Nf3 Qc7 6.h3 Be7 7.Bc4 b6 8.O-O O-O 9.Re1 Bb7
10.dxe5 dxe5 11.Nh4 Bc8 12.Qd3 Re8 13.Nf5 Bf8 14.Bg5 Nh5 15.Qf3 Nf4 16.Rad1 Be6
17.Bf1 Ng6 18.h4 f6 19.Bc1 Nd7 20.h5 Nh8 21.Qg3 Nf7 22.Nxg7 Bxg7 23.h6 Nxh6
24.Bxh6 Nf8 25.f4 Ng6 26.f5 Bxh6 27.fxe6 Qe7 28.Qh3 Bg7 29.Rd7 Nf4 30.Qg3 Qc5+
31.Kh1 Nxe6 32.b3 Kh8 33.Bc4 Ng5 34.Red1 Qf8 35.Qd3 f5 36.Qg3 Bf6 37.exf5 Rad8
38.Be6 e4 39.Ne2 Nxe6 40.fxe6 Rxe6 41.Qh3 Rxd7 42.Rxd7 Re7 43.Nf4 Qf7 44.Rd8+ Re8
45.Rd7 Be7 46.Ne6 Qf6 47.Kg1 Qa1+ 48.Kh2 Qe5+ 49.g3 e3 50.Nf4 Rg8 51.Ne6 Qf6
52.Nf4 Rg7 53.Qh5 Bf8 54.Rxg7 Bxg7 55.Qe8+ Bf8 56.Qxe3 Kg8 57.Kg2 Qf5 58.Qe8 Qxc2+
59.Kh3 Qf5+ 60.Kg2 c5 61.Ne6 Qe4+ 62.Kh2 Qe2+ 63.Kh3 Qf1+ 64.Kh2 Qf2+ 65.Kh3 Qf7
66.Qc8 Qf5+ 67.Kg2 Qe4+ 68.Kh2 Qe2+  1/2-1/2

[Event "23rd EYCC Open U18 2013"]
[Site "Budva MNE"]
[Date "2013.10.02"]
[Round "4.23"]
[White "Baglan,E"]
[Black "Osmanodja,F"]
[Result "1/2-1/2"]
[WhiteElo "2024"]
[BlackElo "2275"]

1.e4 d6 2.d4 Nf6 3.Nc3 e5 4.Nf3 Nbd7 5.g4 h6 6.h3 c6 7.a4 Qc7 8.Be3 Be7 9.Bg2 b6
10.O-O O-O 11.Nh4 Re8 12.Nf5 Bf8 13.dxe5 dxe5 14.Qf3 Kh7 15.h4 Ng8 16.Rad1 Nc5
17.b4 Ne6 18.b5 g6 19.Ng3 Bb4 20.Nge2 Bb7 21.bxc6 Bxc6 22.Nd5 Bxd5 23.exd5 Ng7
24.Ng3 Bd6 25.g5 h5 26.Bh3 Ne7 27.Ne4 Rf8 28.c4 Kh8 29.Nxd6 Qxd6 30.Qf6 Nf5
31.Qxd6 Nxd6 32.c5 bxc5 33.Bxc5 Rfd8 34.Rfe1 e4 35.Bd4 Kg8 36.Bf6 Rdb8 37.Bd7 Rb3
38.Rb1 Rab8 39.Rxb3 Rxb3 40.Be5 Rd3 41.Bc6 Nc4 42.Bf6 Nd2 43.Re3 Nf3+ 44.Kg2 Nxh4+
45.Kf1 Rxe3 46.fxe3 Nhf5 47.Kf2 Kf8 48.Be5 Ne8 49.Bb8 a6 50.Ba7 Ned6 51.Bc5 Ke7
52.Bb7 a5 53.Ba6 f6 54.gxf6+ Kxf6 55.Bb6 Ne7 56.Bxa5 Nxd5 57.Bd2 Nb6 58.a5 Nbc4
59.Bxc4 Nxc4 60.a6 Nb6 61.Ba5 Na8 62.Bd8+ Kf5 63.Kg3 g5 64.a7 Kg6 65.Kh3  1/2-1/2

[Event "23rd EYCC Open U18 2013"]
[Site "Budva MNE"]
[Date "2013.10.02"]
[Round "4.26"]
[White "Oltian,Vata"]
[Black "Draskovic,L"]
[Result "0-1"]
[WhiteElo "2013"]
[BlackElo "2304"]

1.e4 d6 2.d4 Nf6 3.Nc3 e5 4.dxe5 dxe5 5.Qxd8+ Kxd8 6.Bg5 Bd6 7.O-O-O Nd7
8.f3 a6 9.Nd5 Re8 10.Nxf6 Nxf6 11.Bxf6+ gxf6 12.Bd3 h5 13.Ne2 Rg8 14.g3 Bh3
15.Rhe1 Ke7 16.Bc4 Bc5 17.Nc3 c6 18.f4 b5 19.Bb3 Rad8 20.a4 Rxd1+ 21.Nxd1 exf4
22.gxf4 Rg2 23.e5 f5 24.e6 f6 25.axb5 axb5 26.Nc3 Rg1 27.Kd2 Rxe1 28.Kxe1 Bg1
29.Ne2 Bxh2 30.Nd4 Kd6 31.e7 Kxe7 32.Nxc6+ Kd6 33.Nd4 Bg3+ 34.Ke2 Bg4+ 35.Kf1 b4
36.Be6 Bxf4 37.Bxf5 Be5 38.Bxg4 hxg4 39.Nf5+ Ke6 40.Ne3 f5 41.b3 Bd4 42.Nc4 f4
43.Kg2 Kd5  0-1

[Event "23rd EYCC Open U16 2013"]
[Site "Budva MNE"]
[Date "2013.10.03"]
[Round "5.18"]
[White "Abal Cores,L"]
[Black "Bosnjak,Petar"]
[Result "1-0"]
[WhiteElo "2130"]
[BlackElo "2152"]

1.e4 d6 2.d4 Nf6 3.Nc3 e5 4.Nf3 Nbd7 5.Bc4 Be7 6.O-O O-O 7.Re1 c6 8.a4 a5
9.h3 Nb6 10.Ba2 Nfd7 11.dxe5 dxe5 12.Be3 Qc7 13.Ng5 Nf6 14.Qd3 h6 15.Nxf7 Rxf7
16.Bxb6 Qxb6 17.Qc4 Nd5 18.exd5 Qxf2+ 19.Kh2 Bxh3 20.Re2  1-0